Historische Textilien : Beiträge zu ihrer Erhaltung und Erforschung

Saved in:
Bibliographic Details
Corporate Author: Germanisches Nationalmuseum (Herausgebendes Organ)
Other Authors: Martius, Sabine (Editor, HerausgeberIn)
Ruß, Sibylle (Editor, HerausgeberIn)
Document Type: Book
Language:German
Published: Nürnberg : Verl. des Germanischen Nationalmuseums , 2002
Series:Veröffentlichung des Instituts für Kunsttechnik und Konservierung im Germanischen Nationalmuseum 6
Subjects:
Online Access:Inhaltsverzeichnis
Rezension
Rezension
Rezension
Inhaltsverzeichnis
Related Items:Rezensiert in: [Rezension von: Sabine Martius / Sibylle Ruß (Hrsg.), Historische Textilien]
Rezensiert in: "Historische Textilien"
Rezensiert in: "Historische Textilien"
Author Notes:[Herausgeber: Germanisches Nationalmuseum] ; Herausgegeben von Sabine Martius und Sibylle Ruß
LEADER 07569cam a2201213 c 4500
001 354643002
003 DE-627
005 20260421135533.0
007 tu
008 021002s2002 gw ||||| 00| ||ger c
015 |a 02,N16,0548  |2 dnb 
015 |a 02,B46,0424  |2 dnb 
016 7 |a 964123045  |2 DE-101 
020 |a 3926982799  |9 3-926982-79-9 
035 |a (DE-627)354643002 
035 |a (DE-603)104077956 
035 |a (DE-576)100753590 
035 |a (DE-599)GBV354643002 
035 |a (OCoLC)1573382039 
035 |a (OCoLC)249150429 
035 |a (OCoLC)50780218 
040 |a DE-627  |b ger  |c DE-627  |e rakwb 
041 |a ger 
044 |c XA-DE  |c XA-DE-BY 
050 0 |a NK8804.5 
082 0 |a 746.0288 
084 |a 42  |a 46  |2 sdnb 
084 |a 46  |a 42  |2 sdnb 
084 |a 9,10  |2 ssgn 
084 |a LH 60360  |q BVB  |2 rvk  |0 (DE-625)rvk/94192: 
084 |a NW 6205  |2 rvk  |0 (DE-625)rvk/132264: 
084 |a ZS 3240  |2 rvk  |0 (DE-625)rvk/158237: 
084 |a LH 78960  |q BVB  |2 rvk  |0 (DE-625)rvk/95088:2 
084 |a LH 29970  |2 rvk  |0 (DE-625)rvk/92952: 
084 |a LH 79020  |2 rvk  |0 (DE-625)rvk/95091:2 
084 |a 73.86  |2 bkl 
084 |a 21.86  |2 bkl 
084 |a 20.15  |2 bkl 
245 0 0 |a Historische Textilien  |b Beiträge zu ihrer Erhaltung und Erforschung  |c [Herausgeber: Germanisches Nationalmuseum] ; Herausgegeben von Sabine Martius und Sibylle Ruß 
263 |a Pp. : ca. EUR 50.00 (freier Pr.) 
264 1 |a Nürnberg  |b Verl. des Germanischen Nationalmuseums  |c 2002 
300 |a 279 Seiten  |b Illustrationen, graph. Darstellungen  |c 26 cm 
336 |a Text  |b txt  |2 rdacontent 
337 |a ohne Hilfsmittel zu benutzen  |b n  |2 rdamedia 
338 |a Band  |b nc  |2 rdacarrier 
490 1 |a Veröffentlichung des Instituts für Kunsttechnik und Konservierung im Germanischen Nationalmuseum  |v 6 
583 1 |a Archivierung/Langzeitarchivierung gewährleistet  |f SSG  |x XA-DE-BW  |2 pdager  |5 DE-16 
650 0 |a Textile fabrics  |x Conservation and restoration 
650 0 |a Textile fabrics  |x History 
650 0 7 |0 (DE-588)4017894-8  |0 (DE-627)106328379  |0 (DE-576)208921524  |a Forschung  |2 gnd 
650 0 7 |0 (DE-588)4039792-0  |0 (DE-627)104767677  |0 (DE-576)209036664  |a Mode  |2 gnd 
650 0 7 |0 (DE-588)4059276-5  |0 (DE-627)104665335  |0 (DE-576)209130180  |a Technologie  |2 gnd 
650 0 7 |0 (DE-588)4059618-7  |0 (DE-627)106142895  |0 (DE-576)209131462  |a Textilindustrie  |2 gnd 
650 0 7 |0 (DE-588)4031011-5  |0 (DE-627)104181028  |0 (DE-576)208990089  |a Kleidung  |2 gnd 
650 0 7 |0 (DE-588)4059615-1  |0 (DE-627)106142909  |0 (DE-576)209131454  |a Textilien  |2 gnd 
650 0 7 |0 (DE-588)4114279-2  |0 (DE-627)10582335X  |0 (DE-576)209483318  |a Konservierung  |2 gnd 
650 0 7 |0 (DE-588)4060554-1  |0 (DE-627)104443839  |0 (DE-576)209135727  |a Tracht  |2 gnd 
650 0 7 |0 (DE-588)4049600-4  |0 (DE-627)106186442  |0 (DE-576)209082674  |a Restaurierung  |2 gnd 
653 0 |a Germanisches Nationalmuseum Nürnberg 
655 7 |a Aufsatzsammlung  |0 (DE-588)4143413-4  |0 (DE-627)105605727  |0 (DE-576)209726091  |2 gnd-content 
689 0 0 |d s  |0 (DE-588)4059615-1  |0 (DE-627)106142909  |0 (DE-576)209131454  |a Textilien  |2 gnd 
689 0 1 |a z  |2 gnd  |a Geschichte 
689 0 2 |d s  |0 (DE-588)4114279-2  |0 (DE-627)10582335X  |0 (DE-576)209483318  |a Konservierung  |2 gnd 
689 0 |5 DE-101 
689 1 0 |d s  |0 (DE-588)4059615-1  |0 (DE-627)106142909  |0 (DE-576)209131454  |a Textilien  |2 gnd 
689 1 1 |d s  |0 (DE-588)4184952-8  |0 (DE-627)105291099  |0 (DE-576)210029145  |a Textilforschung  |2 gnd 
689 1 2 |d s  |0 (DE-588)4114279-2  |0 (DE-627)10582335X  |0 (DE-576)209483318  |a Konservierung  |2 gnd 
689 1 3 |a z  |2 gnd  |a Geschichte 
689 1 |5 (DE-627) 
700 1 |a Martius, Sabine  |d 1962-  |e HerausgeberIn  |0 (DE-588)1231259639  |0 (DE-627)1753665868  |4 edt 
700 1 |a Ruß, Sibylle  |d 1957-  |e HerausgeberIn  |0 (DE-588)132342774  |0 (DE-627)521440602  |0 (DE-576)299086577  |4 edt 
710 2 |a Germanisches Nationalmuseum  |e Herausgebendes Organ  |0 (DE-588)36441-1  |0 (DE-627)100837735  |0 (DE-576)190346388  |4 isb 
787 0 8 |i Rezensiert in  |a Schmitz-von Ledebur, Katja, 1967 -   |t [Rezension von: Sabine Martius / Sibylle Ruß (Hrsg.), Historische Textilien]  |d 2002  |w (DE-627)1920625410 
787 0 8 |i Rezensiert in  |a Weyer, Cornelia, 19XX -   |t "Historische Textilien"  |d 2003  |w (DE-627)1925266753 
787 0 8 |i Rezensiert in  |a Weyer, Cornelia, 19XX -   |t "Historische Textilien"  |d 2003  |w (DE-627)617803811 
810 2 |a Institut für Kunsttechnik und Konservierung  |t Veröffentlichung des Instituts für Kunsttechnik und Konservierung am Germanischen Nationalmuseum  |v 6  |9 6  |w (DE-627)170167178  |w (DE-576)017649420  |w (DE-600)1019725-4  |7 am 
856 4 2 |u http://bvbr.bib-bvb.de:8991/F?func=service&doc_library=BVB01&doc_number=009757652&line_number=0002&func_code=DB_RECORDS&service_type=MEDIA  |m V:DE-604  |q application/pdf  |3 Inhaltsverzeichnis  |7 1 
856 4 2 |u https://swbplus.bsz-bw.de/bsz100753590rez.htm  |m V:DE-576  |v 2005-08-17  |3 Rezension  |7 1 
856 4 2 |u http://www.sehepunkte.de/2002/12/3447.html  |m V:DE-576;X:Sehepunkte  |q text/html  |v 20180423160624  |3 Rezension  |7 1 
856 4 2 |u http://scans.hebis.de/HEBCGI/show.pl?10407795_rez.pdf  |m V:DE-576  |q application/pdf  |3 Rezension  |7 1 
856 4 2 |u http://scans.hebis.de/HEBCGI/show.pl?10407795_toc.pdf  |m V:DE-604  |q application/pdf  |3 Inhaltsverzeichnis  |7 1 
935 |a BGTS  |a BWLB 
935 |i Blocktest 
936 r v |a LH 60360  |b Konservierungs- und Restaurierungsmethoden und -technologien (Handwerkstechniken, historische Baukonstruktionen u.ä.)  |k Kunstgeschichte  |k Allgemeines. Allgemeine Kunstgeschichte  |k Denkmalpflege  |k Konservierungs- und Restaurierungsmethoden und -technologien (Handwerkstechniken, historische Baukonstruktionen u.ä.)  |0 (DE-627)1270705067  |0 (DE-625)rvk/94192:  |0 (DE-576)200705067 
936 r v |a NW 6205  |b Grundindustrie, Spinnerei und Weberei  |k Geschichte  |k Wirtschafts- und Sozialgeschichte  |k Spezielle Wirtschaftsgeschichte  |k Firmengeschichte  |k Textilindustrie  |k Grundindustrie, Spinnerei und Weberei  |0 (DE-627)1270907727  |0 (DE-625)rvk/132264:  |0 (DE-576)200907727 
936 r v |a ZS 3240  |b Geschichte der Textiltechnik  |k Technik  |k Handwerk, Feinwerktechnik, Holztechnik, Papiertechnik, Textiltechnik und sonstige Technik  |k Geschichte der Textiltechnik  |0 (DE-627)1272120899  |0 (DE-625)rvk/158237:  |0 (DE-576)202120899 
936 r v |a LH 78960  |b allgemein  |k Kunstgeschichte  |k Allgemeines. Allgemeine Kunstgeschichte  |k Kunstgeschichte einzelner Gattungen der Kunst  |k Kunstgewerbe  |k Ordnung nach Gattungen  |k Textilien (Stoffe; Spitze; Stickerei; Häkelarbeiten; Bast- und Strohflechterei)  |k allgemein  |0 (DE-627)1270700235  |0 (DE-625)rvk/95088:2  |0 (DE-576)200700235 
936 r v |a LH 29970  |b Restaurierung von Museumsbesitz  |k Kunstgeschichte  |k Allgemeines. Allgemeine Kunstgeschichte  |k Museumskunde. Museumskataloge  |k Restaurierung von Museumsbesitz  |0 (DE-627)1270638319  |0 (DE-625)rvk/92952:  |0 (DE-576)200638319 
936 r v |a LH 79020  |b allgemein  |k Kunstgeschichte  |k Allgemeines. Allgemeine Kunstgeschichte  |k Kunstgeschichte einzelner Gattungen der Kunst  |k Kunstgewerbe  |k Ordnung nach Gattungen  |k Kleidung, Kostüm und Mode  |k Sakrale Kleidung  |k allgemein  |0 (DE-627)1271118149  |0 (DE-625)rvk/95091:2  |0 (DE-576)201118149 
936 b k |a 73.86  |j Kleidung  |j Mode  |x Volkskunde  |0 (DE-627)181569922 
936 b k |a 21.86  |j Textilkunst  |0 (DE-627)106405594 
936 b k |a 20.15  |j Restaurierung  |j Konservierung  |j Fälschung  |x Kunstwissenschaften  |0 (DE-627)106406310 
936 s n |a l300  |2 mzub 
936 s n |a v100  |2 mzub 
951 |a BO 
990 |a Textilien 
990 |a Geschichte 
990 |a Konservierung 
990 |a Textilien 
990 |a Textilforschung 
990 |a Konservierung 
990 |a Geschichte 
991 |a Rezensiertes Werk 
999 |a KXP-PPN354643002  |e 4953890760